000 01290ngm a22003250a 4500
001 PT16539
003 AR-LpoUNG
005 20210202000207.0
007 vd cvaizq
008 191001s2001||||ag |||||||||||||||||spa d
037 _c$8.30
040 _aAR-LpoUNG
_bspa
_cAR-LpoUNG
_eaacr
041 _aspa
044 _aag
082 0 _a909 532v8
245 1 3 _aEl imperio Bizantino :
_bla caída de Bizancio
260 _aBuenos Aires :
_bKalender Video Argentina,
_c2001.
300 _aVHS (56 min.) : son., byn, col.
520 _aSe estudia la división entre imperio Romano de Occidente con epicentro en Roma y el de Oriente, con sede en Bizancio, enfrentados y divididos, inmensos en una profunda crisis, aprovechado por los bárbaros que asolaron el territorio de la más colosal potencia de la civilización occidental. En el segundo segmento se analiza la decadencia del poder oriental, y en qué medida influyó el cristianismo en ese proceso y la posterior caída de Bizancio.
650 4 _aCRISTIANISMO
650 4 _aHISTORIA SOCIAL
650 4 _aIGLESIA
650 4 _aINSTITUCIONES RELIGIOSAS
650 4 _aRELIGION
653 _aVIDEOS
653 _aVIDEOS DIDACTICOS
710 2 _aMetropolitan Museum of Art (New York)
905 _a16539
942 _cVIDEO
999 _c54320
_d54320